Guess the Morgan Wallen Song by the Lyric #1 - Statistics

General Stats
  • This quiz has been taken 145 times
  • The average score is 8 of 12
Answer Stats
LYRIC SONG % Correct
"Never gonna settle on down, girls, leave you in a lonely ghost town world where the sun don't rise, rodeo for one night" (ft. ERNEST) Cowgirls
83%
"Yeah, you win some you lost some, it ain't always home runs" 98 Braves
81%
"Now I'm dodging potholes in my sunburnt silverado, like a heartbroke desperado, headed right back to my roots" Sand In My Boots
81%
"It takes two to break a heart in two, ooh, baby you blame me, and baby I blame you" I Had Some Help
76%
"What's going on mama, something just dawned on me, I ain't been home in some months" Thought You Should Know
76%
"You told me that you wish I was somebody you never met, but baby baby, something's telling me this ain't over yet" Last Night
75%
"Tuesday night was just another fight, Wednesday I thought everything would change, Thursday came and it was all the same" (ft. Diplo) Heartless
73%
"Turn this bar, yeah, upside down, just looking for a song that does it, I gave 'em all my money" You Proof
53%
"I'm still a fool for you, nothing I wouldn't do for you" Lies Lies Lies
52%
"Even took you to my hometown, to meet my momma, now I'm gonna see you everytime I see that welcome sign" Everything I Love
50%
"Might wind up and steal a couple kisses, get your digits if I can find the right line" Spin You Around
50%
"You were looking for a way out and I was on my way, girl, once you love a cowboy you'll never be the same" Neon Eyes
41%
No matching quizzes found
Score Distribution
Percent of People with Each Score
Percentile by Number Answered
Your Score History
You have not taken this quiz